Jugadores de fútbol por una pista #1 - Estadísticas

Estadísticas generales
  • Esta prueba ha sido intentada 824 veces
  • La puntuación promedio es 7 de 12
Estadísticas de respuestas
Pista Jugador % Correcto
Ganó su única Champions como jugador tras marcar un icónico gol de volea en la final Zinedine Zidane
87%
Falló el penalti decisivo en la final de la Copa del Mundo de 1994 ante Brasil Roberto Baggio
81%
Marcó el gol que le dio al F.C. Barcelona su primera Copa de Europa (1992) Ronald Koeman
71%
Era una de las grandes figuras alemanas del fútbol, pero se perdió el mundial 2014 por una lesión Marcos Reus
67%
Marcó el penalti decisivo en la final de la Champions de 2012 dándole el título a su club Didier Drogba
65%
Jugaba de defensa central y le apodaban "El Tiburón" Carles Puyol
64%
Ha jugado 3 finales de la Copa del Mundo y ha ganado 2 Ronaldo
63%
Considerado por la FIFA como el mejor jugador inglés de la historia. Tiene una grada con su nombre en Old Trafford. Bobby Charlton
62%
Ganó el premio a Mejor Jugador del Mundial 2010 Diego Forlán
62%
Único jugador alemán que ha ganado el Golden Boy Mario Götze
51%
El aeropuerto de Belfast lleva el nombre de esta leyenda del Manchester United George Best
49%
Ha jugado 3 mundiales con 3 selecciones distintas Dejan Stanković
14%
No se encontraron pruebas coincidentes
Distribución de puntuación
Porcentaje de gente con cada puntuación
Porcentaje por número respondido
Historial de tus puntuaciones
No has intentado esta prueba.